Powiaty mające w sobie nazwę innego powiatu - Statystyki

Ogólne statystyki
  • Ten quiz został rozwiązany 14 razy
  • Średni wynik to 23 z 29
Statystyki odpowiedzi
Województwo Powiat Pow. w nazwie % Poprawnych
Pomorskie Gdański Gdańsk
93%
Zachodniopomorskie Kołobrzeski Brzeski
93%
Mazowieckie Płocki Płock
93%
Wielkopolskie Poznański Poznań
93%
Mazowieckie Radomski Radom
93%
Kujawsko-Pomorskie Toruński Toruń
93%
Dolnośląskie Wrocławski Wrocław
93%
Kujawsko-Pomorskie Chełmiński Chełm
86%
Kujawsko-Pomorskie Chełmiński Miński
86%
Lubelskie Chełmski Chełm
86%
Kujawsko-Pomorskie Grudziądzki Grudziądz
86%
Kujawsko-Pomorskie Inowrocławski Wrocław
86%
Kujawsko-Pomorskie Inowrocławski Wrocławski
86%
Łódzkie Poddębicki Dębicki
86%
Zachodniopomorskie Szczecinecki Szczecin
86%
Wielkopolskie Wolsztyński Olsztyński
86%
Śląskie Lubliniecki Lublin
79%
Łódzkie Radomszczański Radom
79%
Pomorskie Słupski Słupsk
79%
Mazowieckie Wołomiński Miński
79%
Zachodniopomorskie Drawski Rawski
71%
Opolskie Oleski Leski
71%
Wielkopolskie Ostrzeszowski Rzeszowski
71%
Mazowieckie Przysuski Suski
71%
Mazowieckie Przasnyski Nyski
64%
Podkarpackie Tarnobrzeski Brzeski
64%
Mazowieckie Białobrzeski Brzeski
57%
Mazowieckie Żuromiński Miński
57%
Kujawsko-Pomorskie Wąbrzeski Brzeski
50%
Nie znaleziono quizów pasujących do podanych kryteriów
Rozkład punktacji
Procent ludzi z każdym wynikiem
Percentyl według liczby udzielonych odpowiedzi
Twoja historia wyników
Nie rozwiązałeś tego quizu